Alternating-Curent Machines (Registro nro. 14442)
[ vista simple ]
| 000 -LÍDER | |
|---|---|
| fixed length control field | 00464nam a2200157 4500 |
| 008 - ELEMENTOS DE LONGITUD FIJA -- INFORMACIÓN GENERAL | |
| fixed length control field | 0 1961 0a 000 0USA |
| 050 ## - SIGNATURA TOPOGRAFICA DE LA BIBLIOTECA DEL CONGRESO (LC) | |
| Número de Clasificación | TK2712 L5 |
| 082 ## - NUMERO DE CLASIFICACION DECIMAL DEWEY | |
| Número de Clasificación | 621.313 3 L223a |
| 100 ## - ASIENTO PRINCIPAL--NOMBRE PERSONAL | |
| Nombre personal | Liwschitz-Garik, Michael |
| 245 ## - TÍTULO | |
| Título | Alternating-Curent Machines |
| 250 ## - MENCIÓN DE EDICIÓN | |
| Mención de edición | 2 |
| 260 ## - PUBLICACIÓN, DISTRIBUCIÓN, ETC. (PIE DE IMPRENTA) | |
| Lugar de publicación, distribución, etc. | Unites States of America : D. Van Nostrand |
| 300 ## - DESCRIPCIÓN FÍSICA | |
| Extensión | XVII, 604 p. / 23cm |
| 500 ## - NOTA GENERAL | |
| Nota general | Incluye Índice |
| 650 ## - ASIENTO SECUNDARIO DE MATERIA - TERMINO TEMÁTICO | |
| Término temático o nombre geográfico como elemento de entrada | 1. MAQUINARIA ELÉCTRICA - CORRIENETE ALTERNA |
| No. biblioteca | No. biblioteca | Número de clasificación | Código de barras/Número de adquisición | Número de copia | Tipo de material |
|---|---|---|---|---|---|
| LUIS G. INCLAN | LUIS G. INCLAN | 621.313 3 L223a | 5539 | 1 | Libros |
